Moldova in the Eurovision Song Contest - Statistics

General Stats
  • This quiz has been taken 21 times
    4 since last reset
  • The average score is 8 of 20
Answer Stats
Answer % Correct
Hey Mamma
100%
Sugar
100%
Viva, Moldova!
100%
Falling Stars
67%
I Want Your Love
67%
My Lucky Day
67%
Run Away
67%
Soarele și luna
67%
Stay
67%
In The Middle
33%
O mie
33%
So Lucky
33%
Wild Soul
33%
A Century of Love
0%
Boonika bate doba
0%
Fight
0%
Hora din Moldova
0%
Lăutar
0%
Loca
0%
Trenulețul
0%
No matching quizzes found
Score Distribution
Percent of People with Each Score
Percentile by Number Answered
Your Score History
You have not taken this quiz since the last reset